La descendance de la reine Victoria - Statistiques

Statistiques générales
  • Ce quiz a été pris 28 fois
  • Le résultat moyen est 12 sur 99
Statistiques - réponses
Hint Explanation Réponse % Correct
Eugénie d'York née en 1990 Arrière-arrière-arrière-arrière-Grand-mère
41%
William de Galles né en 1982 Arrière-arrière-arrière-arrière-Grand-mère
32%
Anne d'Angleterre née en 1950 Arrière-arrière-arrière-Grand-mère
32%
Edouard VII du Royaume-Uni + en 1910 né en 1841 Mère
32%
Alfred 1er de Saxe-Cobourg-Gotha + en 1900 né en 1844 Mère
32%
Savannah Phillips née en 2010 Arrière-arrière-arrière-arrière-arrière-Grand-mère
27%
Zara Phillips née en 1981 Arrière-arrière-arrière-arrière-Grand-mère
27%
Margrethe II de Danemark née en 1940 Arrière-arrière-Grand-mère
27%
Edouard VIII d'Angleterre + en 1972 né en 1894 Arrière-Grand-mère
27%
Sienna Mapelli Mozzi née en 2021 Arrière-arrière-arrière-arrière-arrière-Grand-mère
23%
Louise Windsor née en 2003 Arrière-arrière-arrière-arrière-Grand-mère
23%
Charles III d'Angleterre né en 1948 Arrière-arrière-arrière-Grand-mère
23%
Victoria du Royaume-Uni + en 1901 née en 1840 Mère
23%
George de Galles né en 2013 Arrière-arrière-arrière-arrière-arrière-Grand-mère
18%
Constantin III de Grèce + en 2023 né en 1940 Arrière-arrière-arrière-arrière-Grand-mère
18%
Henry de Sussex né en 1984 Arrière-arrière-arrière-arrière-Grand-mère
18%
Peter Phillips né en 1977 Arrière-arrière-arrière-arrière-Grand-mère
18%
Andrew d'York né en 1960 Arrière-arrière-arrière-Grand-mère
18%
Edward d'Edimbourg né en 1964 Arrière-arrière-arrière-Grand-mère
18%
Victoria de Suède née en 1977 Arrière-arrière-arrière-Grand-mère
18%
George VI d'Angleterre + en 1952 né en 1895 Arrière-Grand-mère
18%
Carol II de Roumanie + en 1953 né en 1893 Arrière-Grand-mère
18%
Olav V de Norvège + en 1991 né en 1903 Arrière-Grand-mère
18%
John Campbell + en 1914 né en 1845 - Epoux de Louise Belle-mère
18%
Frédéric III d'Allemagne + en 1888 né en 1831 - Epoux de Victoria Belle-mère
18%
George V d'Angleterre + en 1936 né en 1865 Grand-mère
18%
Marie de Grèce née en 1996 Arrière-arrière-arrière-arrière-arrière-arrière-Grand-mère
14%
Paul de Grèce né en 1967 Arrière-arrière-arrière-arrière-arrière-Grand-mère
14%
Mia Tindall née en 2014 Arrière-arrière-arrière-arrière-arrière-Grand-mère
14%
Umberto de Savoie-Aoste né en 2009 Arrière-arrière-arrière-arrière-Grand-mère
14%
James de Wessex né en 2007 Arrière-arrière-arrière-arrière-Grand-mère
14%
Moritz de Hesse né en 2007 Arrière-arrière-arrière-arrière-Grand-mère
14%
Aimon de Savoie-Aoste né en 1967 Arrière-arrière-arrière-Grand-mère
14%
Alexandre de Yougoslavie né en 1945 Arrière-arrière-arrière-Grand-mère
14%
Haakon de Norvège né en 1973 Arrière-arrière-arrière-Grand-mère
14%
Harald V de Norvège né en 1937 Arrière-arrière-Grand-mère
14%
Elisabeth II d'Angleterre + en 2022 née en 1926 Arrière-arrière-Grand-mère
14%
Gustave VI Adolphe de Suède + en 1973 né en 1882 Arrière-Grand-mère
14%
Guillaume de Prusse + en 1951 né en 1882 Arrière-Grand-mère
14%
Hélène de Grèce et de Danemark + en 1982 née en 1896 Arrière-Grand-mère
14%
Louis IV de Hesse + en 1892 né en 1837 - Epoux d'Alice Belle-mère
14%
Alexandra de Danemark + en 1925 née en 1844 - Epouse d'Edouard VII Belle-mère
14%
Marie d'Edimbourg + en 1938 née en 1875 Grand-mère
14%
Maud de Galles + en 1938 née en 1869 Grand-mère
14%
Victoire-Eugénie de Battenberg + en 1969 née en 1887 Grand-mère
14%
Léopold d'Albany + en 1884 né en 1853 Mère
14%
Arthur de Connaught + en 1942 né en 1850 Mère
14%
Alice du Royaume-Uni + en 1910 née en 1843 Mère
14%
Archie de Sussex né en 2019 Arrière-arrière-arrière-arrière-arrière-Grand-mère
9%
Heinrich de Hesse né en 1966 Arrière-arrière-arrière-Grand-mère
9%
Louis-Ferdinand de Prusse + en 1977 né en 1944 Arrière-arrière-arrière-Grand-mère
9%
Georges II de Grèce + en 1947 né en 1890 Arrière-arrière-Grand-mère
9%
Alexandre 1er de Grèce + en 1920 né en 1893 Arrière-arrière-Grand-mère
9%
Michel 1er de Roumanie + en 2017 né en 1921 Arrière-arrière-Grand-mère
9%
Ingrid de Suède + en 2000 née en 1910 Arrière-Grand-mère
9%
Louise Mountbatten + en 1965 née en 1889 Arrière-Grand-mère
9%
Juan de Barcelone + en 1993 né en 1913 Arrière-Grand-mère
9%
Irène de Grèce + en 1974 née en 1904 Arrière-Grand-mère
9%
Henri de Battenberg + en 1896 né en 1858 Belle-mère
9%
Sophie de Prusse + en 1932 née en 1870 Grand-mère
9%
Albert, duc de Clarence + en 1892 né en 1864 Grand-mère
9%
Victoire-Eugénie de Battenberg + en 1969 née en 1887 Grand-mère
9%
Guillaume II d'Allemagne + en 1941 né en 1859 Grand-mère
9%
Victoria de Hesse-Darmstadt + en 1950 née en 1863 Grand-mère
9%
Louise du Royaume-Uni + en 1939 née en 1848 Mère
9%
Béatrice du Royaume-Uni + en 1923 née en 1857 Mère
9%
Helena du Royaume-Uni + en 1923 née en 1846 Mère
9%
Stéphane de Yougoslavie né en 2018 Arrière-arrière-arrière-arrière-arrière-Grand-mère
5%
August Brooksbank né en 2021 Arrière-arrière-arrière-arrière-arrière-Grand-mère
5%
Georges-Frédéric de Prusse né en 1976 Arrière-arrière-arrière-arrière-Grand-mère
5%
Béatrice d'York née en 1988 Arrière-arrière-arrière-arrière-Grand-mère
5%
Philippe de Yougoslavie né en 1982 Arrière-arrière-arrière-arrière-Grand-mère
5%
Alexandra de Grèce + en 1993 née en 1921 Arrière-arrière-arrière-Grand-mère
5%
Georges de Hohenzollern né en 1981 Arrière-arrière-arrière-Grand-mère
5%
Louis de Bourbon né en 1974 Arrière-arrière-arrière-Grand-mère
5%
Marie Vladimirovna de Russie née en 1953 Arrière-arrière-Grand-mère
5%
Louis-Ferdinand de Prusse + en 1994 né en 1907 Arrière-arrière-Grand-mère
5%
Pierre II de Yougoslavie + en 1970 né en 1923 Arrière-arrière-Grand-mère
5%
Amédée de Savoie-Aoste + en 2021 né en 1943 Arrière-arrière-Grand-mère
5%
Alphonse de Bourbon + en 1989 né en 1936 Arrière-arrière-Grand-mère
5%
Charles XVI Gustave de Suède né en 1946 Arrière-arrière-Grand-mère
5%
Gustave-Adolphe de Suède + en 1947 né en 1906 Arrière-arrière-Grand-mère
5%
Jacques-Henri de Bourbon + en 1975 né en 1908 Arrière-Grand-mère
5%
Vladimir Kirillovitch de Russie + en 1992 né en 1917 Arrière-Grand-mère
5%
Jacques-Henri de Bourbon + en 1975 né en 1908 Arrière-Grand-mère
5%
Maria Alexandrovna de Russie + en 1920 née en 1853 - Epouse d'Alfred Belle-mère
5%
Christian de Schleswig-Holstein + en 1917 né en 1831 - Epoux de Héléna Belle-mère
5%
Charles-Edouard de Saxe-Cobourg-Gotha + en 1954 né en 1884 Grand-mère
5%
Marguerite de Prusse + en 1954 née en 1872 Grand-mère
5%
Victoria-Mélita de Saxe-Cobourg-Gotha + en 1936 née en 1876 Grand-mère
5%
Margaret de Connaugh + en 1920 née en 1882 Grand-mère
5%
Margareta de Roumanie née en 1949 Arrière-arrière-arrière-Grand-mère
0%
Maurice de Hesse + en 2013 né en 1926 Arrière-arrière-Grand-mère
0%
Juan Carlos d'Espagne né en 1938 Arrière-arrière-Grand-mère
0%
Paul 1er de Grèce + en 1964 né en 1901 Arrière-arrière-Grand-mère
0%
Philippe de Hesse-Cassel + en 1980 né en 1896 Arrière-Grand-mère
0%
Sibylle de Saxe-Cobourg-Gotha + en 1972 née en 1908 Arrière-Grand-mère
0%
Hélène de Waldeck-Pymont + en 1922 née en 1861 - Epouse de Léopold Belle-mère
0%
Louise-Marguerite de Prusse + en 1917 née en 1860 - Epouse d'Arthur Belle-mère
0%
Aucun quiz correspondant
Distribution des résultats
% des personnes avec chaque résultat
Percentile par nombre de réponses
Votre historique - résultats
Vous n’avez pas pris ce quiz